000 00608 a2200205 4500
999 _c7386
_d7386
020 _a9788130908601
050 _aHD 30.22 MAN 2010
100 _aAllen, W. Bruce
_eauthor
245 _aManagerial economics :
_btheory, applications and cases /
_cW. Bruce Allen et al.
250 _a7th ed.
264 _aNew Delhi:
_bViva Books,
_c2010.
300 _a684p. :
440 _aViva-Norton
500 _aIncludes index
650 _aManagerial economics
700 _aWeigelt, Keith
_eauthor
700 _aDoherty, Neil
_eauthor
700 _aMansfield, Edwin
_eauthor
942 _2lcc
_cBK
_e7th
_h30.22
_iMAN
_kHD